Prasasta pada bhashyam 'Sukti' Sanskrit comm etc by Jagdish ed by Gopinath and Dhundhiraj Sastri (Record no. 430776)

MARC details
000 -LEADER
fixed length control field 00730nam a2200241Ia 4500
003 - CONTROL NUMBER IDENTIFIER
control field OSt
005 - DATE AND TIME OF LATEST TRANSACTION
control field 20220924132603.0
008 - FIXED-LENGTH DATA ELEMENTS--GENERAL INFORMATION
fixed length control field 220923b |||||||| |||| 00| 0 san d
037 ## - SOURCE OF ACQUISITION
Terms of availability Textual
040 ## - CATALOGING SOURCE
Original cataloging agency ARTS
Transcribing agency ARTS
Language of cataloging san
041 ## - LANGUAGE CODE
Source of code san
Language code of text/sound track or separate title san
100 ## - MAIN ENTRY--PERSONAL NAME
Personal name Prasasta Pada Acharya
9 (RLIN) 204561
245 #0 - TITLE STATEMENT
Title Prasasta pada bhashyam 'Sukti' Sanskrit comm etc by Jagdish ed by Gopinath and Dhundhiraj Sastri
260 ## - PUBLICATION, DISTRIBUTION, ETC.
Date of publication, distribution, etc. 1924
490 ## - SERIES STATEMENT
Series statement Chowkhamba sasnkrit series; 316
650 ## - SUBJECT ADDED ENTRY--TOPICAL TERM
Topical term or geographic name entry element NAYA PHILOSOPHY
9 (RLIN) 5683
942 ## - ADDED ENTRY ELEMENTS (KOHA)
Classification part R621x1:1:1K30, 15F4
Koha item type Textual
Source of classification or shelving scheme Colon Classification (CC)
Holdings
Withdrawn status Lost status Damaged status Not for loan Home library Current library Date acquired Total Checkouts Full call number Barcode Date last seen Price effective from Koha item type
        Arts Library Arts Library 2022-09-24   R621x1:1:1K30 15F4 AL0142168 2022-09-24 2022-09-24 Textual
Copyright @ Delhi University Library System